[Event "Belovo"]
[Site "Belovo"]
[Date "2006.??.??"]
[Round "?"]
[White "Popov, Vjacheslav"]
[Black "Tcherbakov, Sergei"]
[Result "1/2-1/2"]
[WhiteElo "2000"]
[BlackElo "2279"]
[PlyCount "24"]
[EventDate "2006.??.??"]
[EventType "tourn"]
[EventRounds "16"]
[EventCountry "RUS"]
[SourceTitle "EXT 2008"]
[Source "ChessBase"]
[SourceDate "2007.11.25"]
[SourceVersion "1"]
[SourceVersionDate "2007.11.25"]
[SourceQuality "1"]

1. c4 e5 2. Nc3 Nf6 3. g3 d5 4. cxd5 Nxd5 5. Bg2 Nb6 6. Nf3 Nc6 7. 0-0 Be7 8. a3 0-0 9. b4 f6 10. Qb3+ Kh8 11. Bb2 Bg4 12. e3 Qd7 1/2-1/2

[Event "Belovo"]
[Site "Belovo"]
[Date "2006.??.??"]
[Round "?"]
[White "Ruizhov, Vladimir"]
[Black "Tcherbakov, Sergei"]
[Result "0-1"]
[WhiteElo "2319"]
[BlackElo "2279"]
[PlyCount "42"]
[EventDate "2006.??.??"]
[EventType "tourn"]
[EventRounds "16"]
[EventCountry "RUS"]
[SourceTitle "EXT 2008"]
[Source "ChessBase"]
[SourceDate "2007.11.25"]
[SourceVersion "1"]
[SourceVersionDate "2007.11.25"]
[SourceQuality "1"]

1. e4 e6 2. d4 d5 3. exd5 exd5 4. Bd3 Nc6 5. c3 Bd6 6. Nf3 Nge7 7. 0-0 Bg4 8. Nbd2 Qd7 9. Re1 0-0-0 10. b4 Rde8 11. b5 Nd8 12. c4 dxc4 13. Nxc4 Ng6 14. Rxe8 Rxe8 15. Ne3 Nh4 16. Be2 Bxf3 17. Bxf3 Nxf3+ 18. Qxf3 Ne6 19. Qd5 Nxd4 20. Bb2 Nc2 21. Rd1 Nxe3 0-1